| 000 | 00653nam a2200241 a 4500 | ||
|---|---|---|---|
| 001 | 0001-1136 | ||
| 003 | ELIB.Books | ||
| 008 | 150504 2010 eng | ||
| 020 | _a0961854561 | ||
| 035 | _a(ELIB.Books)0001-1291 | ||
| 092 |
_a281.9 _bBeh |
||
| 100 | _aBehr-Sigel, Elisabeth | ||
| 245 | _aThe Ministry of Woman in the Church | ||
| 260 |
_aCrestwood _bST Vladimir's Seminary Press _c1991 |
||
| 300 |
_a229 _c22.5 Cm |
||
| 500 | _aC/o Moe Lwei | ||
| 650 | _aWoman in the Orthodox Easten Church | ||
| 856 |
_nKBTS: Library _uKBTS: Elib |
||
| 942 |
_2ddc _cBK |
||
| 990 | _a1 | ||
| 998 |
_cbat _e2015-05-04 |
||
| 999 |
_c11136 _d11136 |
||